000 00599nam a2200229Ia 4500
003 OSt
005 20221007074139.0
006 a|||||r|||| 00| 0
007 ta
008 221006b |||||||| |||| 00| 0 eng d
024 _a16,082
037 _cTextual
040 _aFLL
_cFLL
_beng
041 _2eng
_aeng
082 _aX724:Zv3.N61, K2
100 _aRamaiya A.
245 0 _aIncome-tax act, 1961
260 _aMadras
_bMadras Law Journal Office India
_c1962
300 _a569p
_ccm.
942 _hX724:Zv3.N61, K2
_cTEXL
_2CC
999 _c1151327
_d1151327